000 00898nam a2200253 a 4500
008 101013s1998 ||||||||||||||||| || u
020 _a0631208232
050 _aHF 5549 Mab
100 _aMabey, Christopher
245 1 0 _aHuman resource management: a strategic introduction. -- 2nd ed.
_cChristopher Mabey, Graeme Salaman and John Storey
250 _a2nd ed.
260 _aOxford
_bBlackwell
_c1998
300 _axii, 590p.: ill.
350 _a0.00
490 _aManagement, organizations and business series
650 0 _aMANAGEMENT
650 0 _aSTRATEGIC PLANNING
650 0 _aORGANIZATIONAL CHANGE
650 0 _aPERSONNEL MANAGEMENT
700 _aSalaman
700 _aGraeme
700 _aStorey, John
995 _D0.00
_FCBU-MAIN LIBRARY (Kitwe)
_H1
_I0.00
_M1
_UAVAILABLE
_WDec 30, 2010
_ZMain Library Open Access Collection
999 _c45941
_d45941